00711nam a2200253 a 4500001001500000003000700015005001800022008004100040020000500081022000500086040001000091082000800101245004200109250000500151260003500156300001700191500000600208100002300214700002700237942000700264653006900271952010000340999001700440adlib96000001 ViArRB200902210153555.7960221s1955 dcuabcdjdbkoqu001 0deng d a a aAdlib a547 aBasic principles of organic chemistry a aCaliforniabW A Benjaminc1967 axxv,1315p.c a  aRoberts, John D.e aCaserio, Marjorie C.a cBK aPhysical organic chemistryaOrganic chemistryaOrganic reactions 00104070aULbULd2010-06-16l3o547 ROB'73p00002890r2014-12-12s2014-11-29w2010-06-16yBK c15503d15502